• 首页
  • 本馆介绍
  • 公告通知
  • 最新文献
  • 馆藏检索
  • 电子资源
  • 读者导购
  • 参考咨询
  • 我的图书馆
  • 登录
  • 详细信息显示
  • 放入我的书架
  • 预约/预借图书
  • 作者相关作品
  • 分类相关作品
  • 丛书相关作品
  • 出版社相关作品

书目信息

  • 表格格式
  • 工作单格式
  • 卡片格式
书名: The business of writing and speaking
作者: Larry M. Robbins.
分册号:
分册名:
出版地: New York :
 
出版社: McGraw-Hill
出版时间: c1985.
页数: ix, 223 p. :
开本: 23 cm.
丛书名:
中图分类号:
科图分类号:
其他分类号: H315.61
主题词:
电子资源:
000 00999cam 2200313 a 45x0
001 E0732602701
003 OCoLC
005 20070228090554.82
008 030404s1985 nyua b 001 0 eng
010    @a 84015420 //r97
020    @a0070530890 (pbk.) :@c$9.95.
040    @aDLC@cDLC
050 00 @aPE1479.B87@bR6 1985
082 00 @a808/.066658 @2 19
090    @aH315.61
099    @dH315.61@ex15
100 1  @aRobbins, Larry M.
245 14 @aThe business of writing and speaking :@ba managerial communication manual / @cLarry M. Robbins.
260    @aNew York :@bMcGraw-Hill,@cc1985.
300    @aix, 223 p. :@bill. ;@c23 cm.
500    @aIncludes index.
504    @aBibliography: p. 213-215.
650  0 @aCommunication in management.
650  0 @aBusiness communication.
650  0 @aBusiness writing.
650  0 @aPublic speaking.
650  0 @aEnglish language@xBusiness English.
650  0 @aEnglish language@xRhetoric.
920    @a232010@z2
    
    The business of writing and speaking : : a managerial communication manual / / Larry M. Robbins.-New York : : McGraw-Hill, , c1985.
    ix, 223 p. : : ill. ; ; 23 cm.
    Includes index.-Bibliography: p. 213-215.
    
    ISBN 0070530890 (pbk.) :$9.95.
    
●
相关链接 在E读中查询图书 在五车中查询图书 在当当中查询图书 在豆瓣中查询图书


正题名:business of writing and speaking     索取号:H315.61/x15         预约/预借

序号 登录号 条形码 馆藏地/架位号 状态 备注
1 180596   001035383   第四借阅区/ [索取号:H315.61/x15] 在馆    
2 180597   001035374   第四借阅区/ [索取号:H315.61/x15] 在馆    
唐山师范学院图书馆 欢迎您!
大连网信软件有限公司© 版权所有